000 00374 a2200109 4500
001 ART_8801
005 20260410161641.0
008 260409a
245 1 0 _aEl nuevo Monotributo. Un régimen ya no tan "simplificado". Casos prácticos. Segunda parte
100 1 _aMoreno, Carolina
773 0 _tConsultor tributario
_g- Año 4, Nº 48 (feb. 2011)
_wREV474
999 _c13347
_d13347